000 00347nam a22001337a 4500
005 20250901165819.0
008 250408b |||||||| |||| 00| 0 eng d
020 _a9789966570352
050 _aPL 8010 .M83 2016
245 _aWAITING
_bAND OTHER STORIES
_cMWANGI EVAN
260 _aNAIROBI
_bSPOTLIGHT PUBLISHERS
_c2016
300 _a188
942 _2lcc
999 _c9559
_d9559